| 000 | 00854nam a2200205 i 4500 | ||
|---|---|---|---|
| 001 | 181242 | ||
| 003 | ES-MaACL | ||
| 005 | 20230906221317.0 | ||
| 008 | 121107s1795 sp a |||| | spa d | ||
| 100 | 1 |
_aCueva, Juan de la. _9146967 |
|
| 245 | 1 | 0 |
_aConquista de la Bética : _bpoema heroyco / _cde Juan de la Cueva ; tomo XV. |
| 260 |
_aMadrid : _ben la Imprenta Real, _c1795. |
||
| 300 |
_a[2], 342 p. ; _c17 cm. |
||
| 500 | _aObra perteneciente a "Colección de poetas castellanos", según Aguilar Piñal, III, 1557. | ||
| 530 | _aDisponible también en sitio web. | ||
| 597 | _aSign.: [ ]¹, A-X8, Y¹. | ||
| 597 | _aViñeta xilográfica en portada. | ||
| 852 |
_aES-MaACL _jR-3104-12 _xOlim:G-13256-64 |
||
| 856 | 4 | 1 |
_uhttp://bibliotecadigitalhispanica.bne.es:80/webclient/DeliveryManager?pid=3040689&custom_att_2=simple_viewer _zIr a la página |
| 999 |
_c181242 _d181242 |
||